Rosco - Futbol #4 - Estadísticas

Estadísticas generales
  • Esta prueba ha sido intentada 778 veces
  • La puntuación promedio es 18 de 26
Estadísticas de respuestas
Letra Enunciado Respuesta % Correcto
A Equipo actual de Cristiano Ronaldo Al-Nassr
95%
I Primera selección en ser bicampeona de la Copa de Mundo Italia
89%
S País de Dušan Vlahović Serbia
87%
E Utiliza actualmente el dorsal "8" en el Chelsea Enzo Fernández
86%
N Jugador brasileño que gano el premio Puskas en la temporada 2010/11 Neymar
85%
O Jugador actual que recibe el mayor sueldo en la plantilla del Paris Saint-Germain Ousmane Dembélé
84%
V País de Salomón Rondón Venezuela
84%
J Director técnico del Real Madrid en la temporada 2011/12, en el cual salieron campeón de liga con un total de 100 puntos José Mourinho
82%
F Primer equipo italiano en ser finalista de Copa de Europa en la temporada 1956/57 Fiorentina
81%
H Jugador mexicano con más goles en toda la historia con un total 507 goles Hugo Sánchez
81%
G Exjugador alemán apodado el “Torpedo” Gerd Muller
79%
M Es el máximo goleador de la Copa del Mundo en toda su historia Miroslav Klose
79%
R Jugador con mas partidos disputados en el Real Madrid Raúl González
76%
B Club brasileño, en el que pasaron los siguientes jugadores: Garrincha, Nilton Santos, Didi, Jairzinho, Gerson y Amarildo Botafogo
74%
P Se retiró su dorsal en AC Milan y es considerado uno de los máximos ídolos de este club Paolo Maldini
71%
U Equipo alemán que clasificó por primera vez a Champions League en la temporada 2023/24 Unión Berlín
66%
K Es el arquero más caro en la historia Kepa Arrizabalaga
64%
Y Jugador de Villareal que utiliza el dorsal “21” Yéremy Pino
58%
T Compra/fichaje francés mas caro de la historia del club Atlético de Madrid Thomas Lemar
52%
W Equipo en donde uno de sus máximos ídolos es Bobby Moore West Ham
47%
Z Campeón de la Europa League en la temporada 2007/08 Zenit de San Petersburgo
45%
Q Equipo argentino con mas descensos de la primera división, con un total de 12 descensos Quilmes
44%
X Jugador suizo que actualmente se encuentra en el club Chicago Fire Xherdan Shaqiri
41%
C Maximo goleador histórico en la Seria “A” de Italia que aun no se ha retirado del futbol, con un total de 201 goles en dicha competición Ciro Immobile
39%
D Capitán argentino campeón de la Copa del Mundo en el año 1978 Daniel Passarella
35%
L Campeón de la Copa Libertadores en el año 2008 Liga de Quito
28%
No se encontraron pruebas coincidentes
Distribución de puntuación
Porcentaje de gente con cada puntuación
Porcentaje por número respondido
Historial de tus puntuaciones
No has intentado esta prueba.